00182nam a2200073Ia 4500008004100000100002500041245003000066260001200096120527s9999 xx 000 0 und d aSchwartz, H. F. etal aBean production problems. bC I A T